000 01413cam a22003498i 4500
001 17549971
003 OSt
005 20150408114217.0
008 121205s2013 enka g 001 0 eng
020 _a9780415694421 (hardback)
020 _a9780415694438 (pbk.)
020 _a9780203512913 (ebook)
040 _aMa-Un
043 _ae-uk---
082 0 0 _222
_a427.94109051
_bANT
245 0 0 _aAnalysing twenty-first Century British English :
_bConceptual and methodological aspects of the Voices project /
_cEdited by Clive Upton, Bethan L. Davies.
250 _a1st. ed.
260 _aLondon ;
_aNew York :
_bRoutledge,
_c2013
300 _axi, 225 p. :
_bill. ;
_c24 cm.
610 _aBritish Broadcasting Corporation
_xHistory
_y21st century
_944930
650 _aEnglish language
_xDialects
_zGreat Britain
_944931
650 _aEnglish language
_xVariation
_zGreat Britain
_944932
650 _aEnglish language
_xGreat Britain
_xDiscourse analysis
_944933
650 _aEnglish language
_zGreat Britain
_xPhonology
_944934
650 _aEnglish language
_xSocial aspects
_zGreat Britain
_944747
650 _aEnglish language
_xSyntax.
_944935
651 0 _aGreat Britain
_xLanguages
_944936
700 1 _aUpton, Clive,
_d1946-
_944937
700 1 _aDavies, Bethan L.,
_944938
942 _2ddc
_cBOOK
999 _c34999
_d269499